书目信息 |
| 题名: |
语法理论纲要
|
|
| 作者: | 范晓 , 张豫峰 著 | |
| 分册: | ||
| 出版信息: | 上海 上海译文出版社 2008.01 |
|
| 页数: | 549页 | |
| 开本: | 21cm | |
| 丛书名: | ||
| 单 册: | ||
| 中图分类: | H14 | |
| 科图分类: | ||
| 主题词: | 汉语--han yu--语法学 | |
| 电子资源: | ||
| ISBN: | 978-7-5327-4437-4 | |
| 000 | 00972nam0 2200277 450 | |
| 001 | 012008324858 | |
| 005 | 20080515150640.67 | |
| 010 | @a978-7-5327-4437-4@dCNY32.00 | |
| 100 | @a20080515d2008 em y0chiy0120 ea | |
| 101 | 0 | @achi |
| 102 | @aCN@b310000 | |
| 105 | @aa a 000yy | |
| 106 | @ar | |
| 200 | 1 | @a语法理论纲要@Ayu fa li lun gang yao@d= Essentials of grammar cheory@f范晓, 张豫峰等著@Ffan xiao,zhang yu feng deng zhu@zeng |
| 205 | @a修订版 | |
| 210 | @a上海@c上海译文出版社@d2008.01 | |
| 215 | @a549页@c图@d21cm | |
| 320 | @a有书目 (第531-545页) | |
| 330 | @a本书在讨论语法理论的历史、现状基础上,较详细地阐释了“三维语法”的基本观点,并分别就句法、语义和语用以及语法研究方法论等各方面的内容展开了论述。 | |
| 510 | 1 | @aEssentials of grammar cheory@zeng |
| 606 | 0 | @a汉语@Ahan yu@x语法学 |
| 690 | @aH14@v4 | |
| 701 | 0 | @a范晓@Afan xiao@4著 |
| 701 | 0 | @a张豫峰@Azhang yu feng@4著 |
| 801 | 0 | @aCN@bQSSK@c20080515 |
| 905 | @b712419-20@dH14@eF146@f2 | |
| 语法理论纲要= Essentials of grammar cheory/范晓, 张豫峰等著.-修订版.-上海:上海译文出版社,2008.01 |
| 549页:图;21cm |
| ISBN 978-7-5327-4437-4:CNY32.00 |
| 本书在讨论语法理论的历史、现状基础上,较详细地阐释了“三维语法”的基本观点,并分别就句法、语义和语用以及语法研究方法论等各方面的内容展开了论述。 |
| ● |
| 相关链接 |
|
|
|
正题名:语法理论纲要
索取号:H14/F146
 
预约/预借
| 序号 | 登录号 | 条形码 | 馆藏地/架位号 | 状态 | 备注 |
| 1 | 712419 | 207124191 | 语言库209/209语言库 73排2列5层/ [索取号:H14/F146] | 在馆 | |
| 2 | 712420 | 207124208 | 语言库209/209语言库 73排2列5层/ [索取号:H14/F146] | 在馆 |